000 00884cam a22002054a 4500
005 20250605164216.0
008 250528s ||||||||||||||||||||||||d
035 _a20474
020 _a393954781
040 _aGR-AtMCL
_bgre
_dGR-AtMCL
_eAACR2
245 1 _aThe Norton Anthology of English Literature / Volume 2 Fifth Edition
250 _a5th
260 _bW.W. Norton & Company,
_c1986
300 _a2578
520 _aThe Romantic Period - The Victorian Age - The Twentieth Century. Preface to the Fifth Edition, Acknowledgements, The Romantic Period (1798-1832), Romantic Lyric Poets, The Victorian Age (1832-1901), Light Verse, Victorian Issues, The Nineties, The Twentieth Century, Poetry of World War I, Poetry of World War II, Poems in Process, Selected Bibliography, Index.
700 1 _aAbrams M. H.
_96456
942 _cBK
999 _c5578
_d5578